000 00633nam a2200181Ia 4500
008 151018s9999 xx 000 0 und d
082 _bRBASDV47906
_a922
100 _aसुधा सिंह
245 _aभारत के महान दलित नेता
250 _b1
260 _bआविस्कार पब्लिशर्स
_c2007
300 _a120
600 _aसुधा सिंह
630 _aभारत के महान दलित नेता
700 _aसुधा सिंह
730 _aभारत के महान दलित नेता
942 _cBOOK
999 _c1047036
_d1047033